♫ Dangerous Woman Lyrics - Ariana Grande ♫ - Statistics

General Stats
  • This quiz has been taken 3,387 times
  • The average score is 159 of 226
Answer Stats
Lyric % Correct
a
97%
I
97%
ya
97%
you
97%
you.
97%
You
97%
danger.
96%
woman
95%
me
94%
like
93%
'bout
92%
'bout,
92%
'bout.
92%
dangerous
92%
feel
92%
Somethin'
92%
somethin'
92%
do
91%
makes
90%
Makes
90%
that
88%
my
84%
to
84%
Don't
81%
don't
81%
wanna
80%
thing
79%
shouldn't
77%
God
75%
need
72%
things
72%
got,
71%
oh
71%
All
70%
boy.
69%
skin
69%
skin,
69%
I'm
68%
it
67%
limits
67%
stop,
66%
test
66%
permission
64%
decision
61%
no
61%
is
59%
made
59%
what
59%
'cause
57%
'Cause
57%
witness
57%
it's
56%
be
55%
Know
54%
know
54%
of
53%
The
50%
the
50%
and
48%
business,
46%
for
46%
this
46%
control
45%
moment
45%
as
44%
hold
43%
up
42%
feeling
41%
kind
41%
inside
40%
mind
40%
finished
39%
start
39%
open.
38%
focused,
37%
how
37%
taking
37%
completely
36%
girls
36%
later
35%
save
35%
Bad
34%
doing
34%
loaded
34%
underneath,
34%
live
33%
locked
33%
giver
32%
taker
30%
taste
30%
bulletproof
28%
flavor
27%
nature
27%
only
26%
Nothing
25%
prove
24%
Us
24%
new
23%
introducing
22%
savor
21%
way
21%
movin'
20%
we're
20%
No matching quizzes found
Score Distribution
Percent of People with Each Score
Percentile by Number Answered
Your Score History
You have not taken this quiz